ARRUPE JESUIT UNIVERSITY

CORONAVIRUS -STOP THE SPREAD - CLEAN,DISINFECT,COVER

A writer's diary (Record no. 123877)

MARC details
000 -LEADER
fixed length control field 00476nam a22001457a 4500
005 - DATE AND TIME OF LATEST TRANSACTION
control field 20151210113553.0
008 - FIXED-LENGTH DATA ELEMENTS--GENERAL INFORMATION
fixed length control field 151210b xxu||||| |||| 00| 0 eng d
050 ## - LIBRARY OF CONGRESS CALL NUMBER
Classification number PR6045.O72
Item number Z5 1953
100 ## - MAIN ENTRY--PERSONAL NAME
Personal name Woolf, Virginia
9 (RLIN) 20175
245 ## - TITLE STATEMENT
Title A writer's diary
Remainder of title being exracts from the diary of Virginia Woolf
Statement of responsibility, etc by Woolf, Virginia
260 ## - PUBLICATION, DISTRIBUTION, ETC. (IMPRINT)
Place of publication, distribution, etc London
Name of publisher, distributor, etc The Hogarth Press
Date of publication, distribution, etc 1953
300 ## - PHYSICAL DESCRIPTION
Extent x, 372p.;
Dimensions 23cm.
700 ## - ADDED ENTRY--PERSONAL NAME
Personal name Woolf, Leonard
Relator term ed.
9 (RLIN) 21310
942 ## - ADDED ENTRY ELEMENTS (KOHA)
Source of classification or shelving scheme Library of Congress Classification
Item type Monograph ( Printed materials)
Holdings
Withdrawn status Lost status Source of classification or shelving scheme Damaged status Not for loan Collection code Home library Current library Shelving location Date acquired Total Checkouts Full call number Barcode Date last seen Price effective from Koha item type
    Library of Congress Classification     Main Collection ARRUPE LIBRARY ARRUPE LIBRARY Main Collection 10/12/2015   PR6045.O72Z5 1953 46500005756 10/12/2015 10/12/2015 Monograph ( Printed materials)

 

Arrupe Library. PO Box MP320 Mt Pleasant, Harare, Zimbabwe
263 242 745411|librarian@aju.ac.zw